000 00901nam a2200265 a 4500
001 853
003 BR-CuiBMT
005 20231129064626.0
008 231121b2016 prba 000 0 por d
020 _a9788593027000
040 _aBR-CuiBMT
_cBR-CuiBMT
080 _22007
_a349.6
090 _a349.6
_bP187a
100 1 _aPanasolo, Alessandro
245 1 0 _aÁreas verdes urbanas à luz da nova legislação florestal :
_bproteção, intervenção, hipóteses de uso e regularização fundiária /
_cAlessandro Panasolo, Edson Luiz Peters, Melina Samma Nunes.
260 _aCuritiba :
_bAmbiente Juris,
_c2016.
300 _a292 p. :
_bil. ;
_c21 cm
504 _aInclui bibliografia.
650 _aDireito ambiental
_zBrasil
650 _aDesenvolvimento sustentável
_zBrasil
650 _aPlanejamento urbano
700 _aNunes, Melina Samma
700 _aPeters, Edson Luiz
942 _2udc
_cLV
999 _c853
_d853